| 000 | 00461cam a2200169 a 4500 | ||
|---|---|---|---|
| 005 | 20250901165352.0 | ||
| 008 | 030908s2004 nyu 000 1 eng | ||
| 010 | _a 2003112531 | ||
| 020 | _a0758203098 | ||
| 050 | 0 | 0 |
_aPS3569.H39266 .S54 2004 _bP36 2004 |
| 082 | 0 | 0 |
_a813/.54 _222 |
| 100 | 1 |
_aSheldon, Mary, _d1955- |
|
| 245 | 1 | 0 |
_aPandora Brown / _cMary Sheldon. |
| 260 |
_aNew York : _bKensington Books, _cc2004. |
||
| 300 |
_a277 p. ; _c24 cm. |
||
| 942 | _2ddc | ||
| 999 |
_c2862 _d2862 |
||